| 000 | 00807cam a2200253 a 4500 | ||
|---|---|---|---|
| 999 |
_c3898 _d3898 |
||
| 001 | 13507 | ||
| 003 | BD-DhUAP | ||
| 005 | 20200315113154.0 | ||
| 008 | 200315s1998 bg abf b f000 0 eng | ||
| 020 | _a0333306449 | ||
| 020 | _a9780333306444 | ||
| 040 |
_aBD-DhUAP _cBD-DhUAP _dBD-DhUAP _bEng |
||
| 082 |
_a415 LEE _223 |
||
| 100 | _aLeech, Geoffrey. | ||
| 245 |
_aEnglish grammar for today : _ba new introduction / _cGeoffrey Leech, Margaret Deuchar and Robert Hoogenraad. |
||
| 260 |
_aLondon : _bPalgrave, _cc1988. |
||
| 300 |
_axvi, 224 pages ; _c22 cm. |
||
| 504 | _aIncludes bibliographical references and index. | ||
| 650 |
_aEnglish language _vGrammar |
||
| 700 | _aDeuchar, Margaret | ||
| 700 | _aHoogenraad, Robert | ||
| 942 |
_2ddc _cBK |
||